| 000 | 006110000a22001810004500 | ||
|---|---|---|---|
| 003 | MACL | ||
| 005 | 20160324123833.0 | ||
| 008 | 160324b xxu||||| |||| 00| 0 eng d | ||
| 040 |
_aMACL _cMACL |
||
| 041 | _aHindi | ||
| 082 | _a300 | ||
| 100 |
_aविनोद कुमार मिश्र _919694 |
||
| 245 | _aविकलांग स्वस्थ व आत्मनिर्भर कैसे बनें | ||
| 260 |
_aदिल्ली _bकल्याणी शिक्षा परिषद _c2011 |
||
| 350 | _a360 | ||
| 650 |
_aSociology _948213 |
||
| 942 |
_cHIN _k300 _2ddc |
||
| 999 |
_c48020 _d48020 |
||